| Tag |
First Indicator |
Second Indicator |
Subfields |
| LEADER |
00000cam a2200000 4500 |
| 001 |
in00000060656 |
| 005 |
20151008050535.0 |
| 008 |
750505m19509999nyu 00000 eng u |
| 010 |
|
|
|a 50011487
|
| 035 |
|
|
|a (OCoLC)01311176
|
| 035 |
|
|
|9 AAG1680AM
|
| 040 |
|
|
|c ORL
|d TXA
|d UtOrBLW
|
| 049 |
|
|
|a TXAM
|v 1 [181061]
|
| 050 |
0 |
0 |
|a JC585
|b .U46
|
| 082 |
0 |
|
|a 323.44
|
| 090 |
|
|
|a JC585
|b .U46 1950
|
| 092 |
|
|
|a 323.44
|b U575fr
|
| 110 |
2 |
|
|a United Nations.
|b Department of Social Affairs.
|
| 245 |
1 |
0 |
|a Freedom of information ;
|b a compilation.
|
| 264 |
|
1 |
|a Lake Success,
|b [publisher not identified] ;
|c 1950-
|
| 300 |
|
|
|a volumes ;
|c 29 cm.
|
| 336 |
|
|
|a text
|b txt
|2 rdacontent
|
| 337 |
|
|
|a unmediated
|b n
|2 rdamedia
|
| 338 |
|
|
|a volume
|b nc
|2 rdacarrier
|
| 650 |
|
0 |
|a Freedom of information.
|
| 999 |
|
|
|a MARS
|
| 999 |
f |
f |
|s e29555ee-67ec-3a59-a445-55a06dc7b176
|i 3bd5e13c-5caf-325c-afd7-fc3d1f1f5ce9
|t 0
|
| 952 |
f |
f |
|p ric
|a Texas A&M University
|b Rellis Campus
|c Joint Library Facility
|d Remote Storage
|t 0
|e JC585 .U46 1950
|h Library of Congress classification
|i unmediated -- volume
|k v.1
|m A14800666942
|
| 998 |
f |
f |
|a JC585 .U46 1950
|s v.1
|t 0
|l Remote Storage
|